000 00480nam a2200181 a 4500
005 20140311163002.0
008 020823s19uu xx 00 eng d
020 _a9718995145
050 _aQA 76.9.F34
_b.P944 1998
100 _aPlaza, Gerry
245 _aPreventing PC system disasters /
_cGerry Plaza.
260 _aQuezon City :
_bNBS,
_c1998.
300 _a126 p. :
_c22 cm.
521 _aIT
650 _aComputer
_xmaintenance
942 _cBK
_2lcc
_kFOR
999 _c39221
_d39221